=LDR 00000nam 2200000 4500 =001 INLIS000000000014911 =005 20130612110207 =008 ***********************************Ind** =035 ##$$0010-061300000014911 =041 ##$$a Ind =082 ##$$a 350 =090 ##$$a 350, Zau r =100 ##$$a Zauhari,Soesilo =245 ##$$a Reformasi administrasi: konsep, dimensi dan strategi, Soesilo jauhar =260 ##$$a 2002 $b Jakarta =300 ##$$a x, 98 Hlm, 20,5 Cm =650 ##$$a Administrasi negara =850 ##$$a NBPNMAT =990 ##$$a 20405331 =990 ##$$a 30500527 =990 ##$$a 30500528 =990 ##$$a 30500529 =990 ##$$a 30500530 =990 ##$$a 20405329 =990 ##$$a 20405330